[Event "GER-ch U18 sf Berlin Online"]
[Site "Playchess.com INT"]
[Date "2020.05.01"]
[Round "4"]
[White "Koulouris, Fabian"]
[Black "Sacher, Justus"]
[Result "1-0"]
[WhiteElo "1620"]
[BlackElo "1620"]
[PlyCount "25"]
[EventDate "2020.05.01"]
[EventType "swiss (blitz)"]
[EventRounds "13"]
[EventCountry "GER"]
[SourceTitle "CBM 195 Extra"]
[Source "ChessBase"]
[SourceDate "2020.05.31"]
[SourceVersion "1"]
[SourceVersionDate "2020.05.31"]
[SourceQuality "1"]

1. e4 c5 2. Nf3 b6 3. Bc4 Bb7 4. d3 e6 5. 0-0 Ne7 6. Nc3 g6 7. Bf4 Bg7 8. Qd2 0-0 9. Bh6 Bxh6 10. Qxh6 d5 11. Ng5 Re8 12. Qxh7+ Kf8 13. Qxf7# 1-0

[Event "GER-ch U18 sf Berlin Online"]
[Site "Playchess.com INT"]
[Date "2020.05.01"]
[Round "3"]
[White "Sacher, Justus"]
[Black "Bueckert, Helen"]
[Result "1-0"]
[WhiteElo "1620"]
[BlackElo "1620"]
[PlyCount "67"]
[EventDate "2020.05.01"]
[EventType "swiss (blitz)"]
[EventRounds "13"]
[EventCountry "GER"]
[SourceTitle "CBM 195 Extra"]
[Source "ChessBase"]
[SourceDate "2020.05.31"]
[SourceVersion "1"]
[SourceVersionDate "2020.05.31"]
[SourceQuality "1"]

1. c4 c5 2. b3 Nc6 3. Bb2 Nf6 4. e3 e5 5. Ne2 e4 6. g3 d5 7. cxd5 Qxd5 8. Nbc3 Qd3 9. Nf4 Qd6 10. Bg2 g5 11. Nfe2 Qe5 12. Rb1 a6 13. d4 cxd4 14. exd4 Qe7 15. d5 Nb4 16. Ba3 Bg4 17. Bxb4 Qxb4 18. Rc1 Bxe2 19. Qxe2 Qa3 20. 0-0 Bb4 21. Bxe4 Bxc3 22. Rxc3 Nxe4 23. Qxe4+ Kd7 24. Qf5+ Kd6 25. Qxg5 Kd7 26. Qf5+ Kd6 27. Qf6+ Kd7 28. Qxf7+ Kd6 29. Qxb7 Ke5 30. Re3+ Kf5 31. Qf7+ Kg5 32. Re5+ Kg4 33. Qf4+ Kh3 34. Rh5# 1-0

[Event "GER-ch U18 sf Berlin Online"]
[Site "Playchess.com INT"]
[Date "2020.05.01"]
[Round "5"]
[White "Sacher, Justus"]
[Black "Volan, Arved"]
[Result "0-1"]
[WhiteElo "1620"]
[BlackElo "1620"]
[PlyCount "66"]
[EventDate "2020.05.01"]
[EventType "swiss (blitz)"]
[EventRounds "13"]
[EventCountry "GER"]
[SourceTitle "CBM 195 Extra"]
[Source "ChessBase"]
[SourceDate "2020.05.31"]
[SourceVersion "1"]
[SourceVersionDate "2020.05.31"]
[SourceQuality "1"]

1. c4 e5 2. b3 Bc5 3. Bb2 Qf6 4. Nf3 e4 5. d3 Qxb2 6. Ng5 Qd4 7. e3 Qxa1 8. d4 Bb4+ 9. Ke2 Qb2+ 10. Nd2 Bxd2 11. Qxd2 Qxd2+ 12. Kxd2 a5 13. Nxe4 Ra6 14. Nc5 Ra7 15. Be2 a4 16. Nxa4 h5 17. h4 Rh6 18. g3 Rf6 19. f4 Rg6 20. Rg1 d6 21. Bxh5 Rh6 22. Be2 Bd7 23. h5 Bxa4 24. bxa4 Rxa4 25. g4 Rxa2+ 26. Kd3 Re6 27. g5 f6 28. Bg4 fxg5 29. Bxe6 Nf6 30. Rxg5 Ke7 31. Rd5 Kxe6 32. Rg5 Ra3+ 33. Kd2 Ra2+ 0-1